| 000 | 00563nam a2200169 4500 | ||
|---|---|---|---|
| 001 | 131490 | ||
| 003 | ES-MaACL | ||
| 005 | 20230906194006.0 | ||
| 007 | t| | ||
| 008 | 070214s1988 sp r ||||1| spa d | ||
| 100 | 1 |
_aRodríguez Doreste, Juan. _998498 |
|
| 245 | 1 | 0 |
_aMemorias de un hijo del siglo / _cJuan Rodríguez Doreste. |
| 260 |
_aLas Palmas de Gran Canaria : _bCaja Insular de Ahorros de Canarias, _c1988. |
||
| 300 |
_a364 p., 12 h. de lám. ; _c24 cm. |
||
| 710 | 2 |
_aCaja Insular de Ahorros de Canarias. _92335 |
|
| 852 |
_aES-MaACL _jL-12295 _bR.115476 |
||
| 999 |
_c131490 _d131490 |
||